Fundamentals of computer algorithams (Record no. 176354)

000 -LEADER
fixed length control field 00432nam a2200145Ia 4500
008 - FIXED-LENGTH DATA ELEMENTS--GENERAL INFORMATION
fixed length control field 220217s9999||||xx |||||||||||||| ||und||
020 ## - INTERNATIONAL STANDARD BOOK NUMBER
International Standard Book Number 81-7371-612-9
082 ## - DEWEY DECIMAL CLASSIFICATION NUMBER
Classification number 005.13 HOR
100 ## - MAIN ENTRY--PERSONAL NAME
Personal name Horowitz, Ellis, Sahni, Sartaj and Rajashekaran, Sangutherva
245 #0 - TITLE STATEMENT
Title Fundamentals of computer algorithams
250 ## - EDITION STATEMENT
Edition statement 2nd
260 ## - PUBLICATION, DISTRIBUTION, ETC.
Place of publication, distribution, etc. University press
Name of publisher, distributor, etc. Hyderabad
Date of publication, distribution, etc. 2008
300 ## - PHYSICAL DESCRIPTION
Other physical details 360
650 ## - SUBJECT ADDED ENTRY--TOPICAL TERM
Topical term or geographic name entry element PROGRAMMING LANGUAGE
Holdings
Withdrawn status Lost status Damaged status Not for loan Collection code Home library Current library Shelving location Date acquired Full call number Barcode Date last seen Price effective from Koha item type
        Computer Science and Engineering Central Library Central Library Book Cart 02/18/2022 005.13 HOR 11543 02/18/2022 02/18/2022 Books

Powered by Koha